000 00874cam a2200289 a 4500
001 000003657
003 OSt
005 20210323155414.0
008 930721s1994 sp 000 f spa d
020 _a8408011685
040 _aDO-SdBNP
_cDLC
_dDLC
041 1 7 _aspa
_heng
_2Lista de códigos MARC
049 _aBNGR
082 _a813.54
_bE16c
100 1 _aEberhardt, Michael C.
_911214
240 1 0 _aBody of a crime.
_lEspañol
245 1 3 _aEl cuerpo del delito /
_cMichael C. Eberhardt ; traducción de Francisco Martín.
260 _aEspaña :
_bPlaneta,
_c1994.
300 _a354 p. ;
_c23 cm.
534 _aTítulo original:
_tBody of a crime
650 4 _aNovela estadounidense
_9262
650 4 _aLiteratura estadounidense
_9263
700 1 _aMartín, Francisco,
_etr.
_911215
910 _aCatalogación por copia / LC
910 _aWM
942 _2ddc
_cLBS1
999 _c3480
_d3480